Представление документа в формате RUSMARC

ПолеНазваниеЗначение
  Тип записи a
  Библиографический уровень m
001 Контрольный номер RU/УОНБ/EK/300962005
005 Дата корректировки 20220304195248.2
010 Индекс ISBN __
a ISBN 5-89720-035-1
d Цена 40 р.
9 Тираж 2000 экз.
100 Данные общей обработки __
a Данные общей обработки 20090715d2001 k y0rusy0189||||ca
101 Язык документа 0_
a Язык текста rus
102 Страна публикации __
a Страна публикации RU
105 Кодированные данные (монография) __
a Кодированные данные (монография) a z 000yy
200 Заглавие и сведения об ответственности 1_
a Заглавие Что вы знаете о своем геноме?
f Первые сведения об ответственности В.Н. Горбунова
g Последующие сведения об ответственности СПб. ин-т биорегуляции и геронтологии
210 Выходные данные 1_
a Место издания СПб.
c Издательство Интермедика
d Дата издания 2001
215 Физическое описание __
a Объем 144 с.
c Иллюстрации/тип воспроизводства ил.
d Формат 21 см
606 Тематические рубрики 0_
a Основная рубрика Генетика медицинская
610 Ключевые слова 0_
a Ключевые слова гены
610 Ключевые слова 0_
a Ключевые слова наследственные болезни
610 Ключевые слова 0_
a Ключевые слова молекулярная медицина
686 Индексы других классификаций __
a Классификационный индекс 52.522.15
2 Код системы rubbk
700 Автор _1
a Фамилия Горбунова
b Имя (инициалы) В.Н.
g Полное личное имя Виктория Николаевна
712 Наименование организации (Вторичная ответственность) 02
a Организация/ юрисдикция Санкт-Петербургский институт биорегуляции и геронтологии
4 Код отношения 570
801 Источник записи _0
a Страна RU
b Организация Ульяновская ОНБ
c Дата составления 20090715
g Правила каталогизации RCR
801 Источник записи _1
a Страна RU
b Организация Ульяновская ОНБ
c Дата составления 20090715
g Правила каталогизации RCR
901 Тип документа __
t Тип документа m
938 Служебная информация __
a Имя БД books
b Имя библиотеки УОНБ
c Имя АИБС МАРК-SQL
d Номер DOC_ID в БД 119880